تحميل...

Paristhithiyum Kandalkkadukalum (Malayalam)

التفاصيل البيبلوغرافية
المؤلف الرئيسي: K.V. Vijayaraghavan Nair
التنسيق: Printed Book
منشور في: Thiruvanthapuram The State Institute Of Languages Kerala 2008
LEADER 00661nam a22001577a 4500
020 |a 81-7638-693-6 
082 |a 894.812 
100 |a K.V. Vijayaraghavan Nair 
245 |a Paristhithiyum Kandalkkadukalum (Malayalam) 
260 |a Thiruvanthapuram  |b The State Institute Of Languages Kerala  |c 2008 
300 |a 73 
700 |a K.V. Vijayaraghavan Nair 
942 |c BK 
999 |c 168258  |d 168258 
952 |0 0  |1 0  |4 0  |6 894_812000000000000_VIJ_PA  |7 0  |9 172612  |a KAUCOAP  |b KAUCOAP  |d 2015-03-31  |o 894.812 VIJ/PA  |p KAU_COAP08163  |r 2015-03-31  |w 2015-03-31  |y BK 
952 |0 0  |1 0  |4 0  |6 894_812000000000000  |7 0  |9 172613  |a KAUCOAP  |b KAUCOAP  |d 2016-03-17  |o 894.812  |p KAU_COAP08162  |r 2016-03-17  |w 2016-03-17  |y BK